000 00479nam a2200157Ia 4500
008 160316s2006 xxu||||| |||| 00| 0 eng d
082 _a346.048000
_bMAC
100 _aMackernan Colm
245 _aA practical guide to intellectual property in mergers and acquisitions
250 _a
260 _aLondon
_bSweet & Maxwell
_c2006
300 _a189p
_b
_cxvi
365 _bRs.7,220
650 _a1. Intellectual Poperty - Practical guide 2. Mergers & Acquisitions
700 _a
_a
999 _c23944
_d23944